| 000 | 00693nam a2200217 a 4500 | ||
|---|---|---|---|
| 001 | 013591 | ||
| 003 | BD-ChCU | ||
| 008 | Ben | ||
| 020 | _a৭১১৯০০৫৮৩৯ | ||
| 040 |
_aDLC _cDLC _dBD-ChCU |
||
| 082 | 0 | 0 | _a৩৯২.৫০৯৫১/চীনে৭ |
| 100 | 1 |
_a- _b- |
|
| 245 | 1 | 0 |
_aচীনের ক'টি সংখ্যালঘু জাতির বিবাহ প্রথা _b- |
| 250 | _a*** | ||
| 260 |
_aচীন _bপেইচিং _c১৯৯১ |
||
| 300 | _a** | ||
| 504 | _a- Biblio- | ||
| 650 | 0 |
_aবিবাহ প্রথা-চীন _bবিবাহ প্রথা |
|
| 700 | 1 | _aশিং, থিয়েন | |
| 942 |
_2ddc _cBK |
||
| 999 |
_c13591 _d13591 |
||